Transformação e mudança no Centro e Sul de Portugal: o 4.o e o 3.o milénios a.n.e (Registo nº 202035)

Detalhes MARC
000 -Etiqueta do registo
Valores 00811nam 22002173 4500
010 ## - Número ISBN
ISBN 978-972-637-228-8 (vol. 2)
021 ## - Número do Depósito Legal
Código do país Portugal
Número 312651/10
100 ## - Dados gerais de processamento
Dados gerais 20260505d u||y0pory50 ba
200 ## - Titulo e menção de responsabilidade
Título próprio Transformação e mudança no Centro e Sul de Portugal: o 4.o e o 3.o milénios a.n.e
Informação de outro título actas do colóquio internacional (Cascais, 4-7 Outubro 2005)
Primeira menção de responsabilidade editores Victor S. Gonçalves, Ana Catarina Sousa
210 ## - Publicação
Local de publicação Cascais
Nome do editor Câmara Municipal de Cascais
Data de publicação 2010
215 ## - Descrição física 
Paginação / Volumes vol. 2; 581 p.
Outras indicações físicas il. encadernado
Dimensões 31 cm
225 ## - Colecção 
Título próprio da colecção Cascais Tempos Antigos
Indicação de volume 2
606 ## - Nome comum usado como assunto
ID Autoridade 4668
Palavra de ordem Arqueologia
675 ## - CDU
Notação 902
Edição PT
Língua por
701 ## - Co-autor principal (pessoa individual)
ID Autoridade 5299
Apelido Gonçalves
Nome Victor S.
Datas 1946-2024
702 ## - Autor secundário (pessoa individual)
ID Autoridade 5709
Apelido Sousa
Nome Ana Catarina
Datas 1971-
801 ## - Fonte de origem
País PT
Agência BMMN
Regras de catalogação RPC
830 ## - Notas gerais do catalogador
Criado por Vanda
990 ## - Elementos KOHA
Tipo de documento Livro
Exemplares
Situação do levantamento Biblioteca de origem Código de barras Cota Permissão de empréstimo Tipo de documento Forma de aquisição
  Biblioteca Municipal de Montemor-o-Novo 31448 902 TRA|DEP   Livro Oferta

Powered by Koha